Statistiques concernant Pays les plus proches de la France par continent (avec outre-mers)

Cliquez ici pour prendre le quiz!

Statistiques générales

  • Ce quiz a été pris 429 fois
  • Le résultat moyen est 20 sur 30

Statistiques - réponses

DistancePays% Correct
15 kmRoyaume-Uni
92%
426 kmRoyaume-Uni (Iles Pitcairn)
91%
6,7 kmRoyaume-Uni (Anguilla)
91%
1 111 kmColombie
79%
219 kmGuyana
78%
406 kmVenezuela
77%
148 kmAutriche
76%
133 kmMadagascar
75%
150 kmLiechtenstein
73%
1 812 kmPérou
72%
240 kmVatican
70%
259 kmSaint-Marin
69%
1 791 kmBolivie
67%
1 366 kmTurquie
63%
61 kmComores
62%
171 kmMaurice
62%
25 kmDominique
59%
280 kmFidji
59%
7,4 kmCanada
58%
32 kmSainte-Lucie
58%
161 kmSeychelles
58%
286 kmMozambique
57%
2 452 kmIsraël
54%
2 427 kmLiban
54%
51 kmSaint-Christophe-et-Niévès
53%
2 362 kmSyrie
53%
249 kmTonga
53%
2 119 kmChypre
50%
361 kmSamoa
50%
216 kmVanuatu
50%

Distribution des résultats

Percentile par nombre de réponses

% des personnes avec chaque résultat

Votre développement - résultats

Vous n’avez pas pris ce quiz